Alalogy of Religion. (Record no. 805)

MARC details
000 -LEADER
fixed length control field 00561nam a2200241 a 4500
020 ## - INTERNATIONAL STANDARD BOOK NUMBER
ISBN
082 00 - DEWEY DECIMAL CLASSIFICATION NUMBER
Classification number 231.76
Author Cutter BUT
100 ## - MAIN ENTRY--AUTHOR NAME
Author name Butler, B
245 ## - TITLE STATEMENT
Title Alalogy of Religion.
260 ## - PUBLICATION, DISTRIBUTION, ETC. (IMPRINT)
Place of publication London
Name of publisher J. M. Dent & Sons Ltd
Year of publication 1936
300 ## - PHYSICAL DESCRIPTION
Number of Pages 273p
500 ## - GENERAL NOTE
General note includes index and biblioraphy
505 2# - FORMATTED CONTENTS NOTE
Formatted contents note Index
650 ## - SUBJECT ADDED ENTRY--TOPICAL TERM
Topical Term Philosophical-Theology
942 ## - ADDED ENTRY ELEMENTS (KOHA)
Koha item type Books
700 1# -
-- Butler, B
Holdings
Home library Current library Date acquired Cost, normal purchase price Full call number Accession Number Koha item type
Henry Martyn Institute Library Henry Martyn Institute Library   0.00 231.76 BUT 1401 E-Books
Henry Martyn Institute Library Henry Martyn Institute Library   0.00 231.76 BUT 5276 Archive Book
                   Copyright © 2026 | Henry Martyn Institute | Hyderabad | TS-500052 | INDIA | Implemented by hmi.edu.in
Hit-Count:

Powered by Koha